| 000 | 00359nam a2200133Ia 4500 | ||
|---|---|---|---|
| 008 | 240624s9999 xx 000 0 und d | ||
| 041 | _aeng | ||
| 082 | _a303.48 WHI | ||
| 100 | _aWHITMAN GORDON | ||
| 245 | _aSTAND UP HOW TO GET INVOLVED SPEAK OUT A | ||
| 260 |
_c2018 _aOakland _bBerrett-Koehler Publishers |
||
| 300 | _axiv, 188 p.; 23 cm. | ||
| 365 |
_c _b25 |
||
| 999 |
_c32078 _d32078 |
||